Zaragoza histórica y descriptiva o sea Tradiciones históricas desde su fundación hasta nuestros días y descripción de sus principales monumentos / (Record no. 102826)

MARC details
000 -LEADER
campo de control de longitud fija 00907nam a22002175i 4500
001 - NÚMERO DE CONTROL
campo de control 102826
003 - IDENTIFICADOR DE NÚMERO DE CONTROL
campo de control ES-MaACL
005 - FECHA Y HORA DE LA ÚLTIMA TRANSACCIÓN
campo de control 20240217135815.0
007 - CAMPO FIJO DE DESCRIPCIÓN FÍSICA--INFORMACIÓN GENERAL
campo de control de longitud fija t|
008 - DATOS DE LONGITUD FIJA--INFORMACIÓN GENERAL
campo de control de longitud fija 051213s1858 sp ||||1| spa d
040 ## - FUENTE DE CATALOGACIÓN
Centro catalogador/agencia de origen AR
Lengua de catalogación spa
Centro/agencia transcriptor AR
100 1# - ENTRADA PRINCIPAL--NOMBRE DE PERSONA
Nombre de persona Lostal de Tena, José.
9 (RLIN) 74284
245 10 - MENCIÓN DEL TÍTULO
Título Zaragoza histórica y descriptiva o sea Tradiciones históricas desde su fundación hasta nuestros días y descripción de sus principales monumentos /
Mención de responsabilidad, etc. por José Lostal de Tena.
260 ## - PUBLICACIÓN, DISTRIBUCIÓN, ETC.
Lugar de publicación, distribución, etc. Zaragoza :
Nombre del editor, distribuidor, etc. [s.n.],
Fecha de publicación, distribución, etc. 1858 (
Fabricante Imp. de Cristóbal Juste y Olona)
300 ## - DESCRIPCIÓN FÍSICA
Extensión 250 p. ;
Dimensiones 21 cm.
650 #4 - PUNTO DE ACCESO ADICIONAL DE MATERIA--TÉRMINO DE MATERIA
Término de materia o nombre geográfico como elemento de entrada Monumentos-
Subdivisión geográfica Zaragoza.
9 (RLIN) 151224
651 #4 - PUNTO DE ACCESO ADICIONAL DE MATERIA--NOMBRE GEOGRÁFICO
Nombre geográfico Zaragoza-
Subdivisión general Historia.
9 (RLIN) 151223
852 ## - LOCALIZACIÓN
Ubicación ES-MaACL
Número de control de estantería R-3376
itemnumber 106670
Signatura antigua Olim: G-1276
Nota libre Cotejado con la relación de obras recuperadas expediente robo
-- Cambio de signatura: datos tomados del fichero topográfico R.
942 ## - ELEMENTOS DE ENTRADA SECUNDARIOS (KOHA)
Fuente del sistema de clasificación o colocación Clasificación decimal universal
Holdings
Estatus retirado Estado de pérdida Estado de daño No para préstamo Colección Biblioteca de origen Biblioteca actual Ubicación en estantería Fecha de adquisición Fuente de adquisición Total de préstamos Signatura topográfica completa Código de barras Visto por última vez Precio de reemplazo Tipo de ítem Koha
        Libros del s. XIX Biblioteca del Ateneo de Madrid Biblioteca del Ateneo de Madrid Depósito 17/01/2008     R-3376 1107344 23/02/2023 23/02/2023 Libro impreso antiguo